Implementación y manejo de sistemas agroforestales comerciales en condiciones amazónicas (Registro nro. 3284)

Detalles MARC
000 -CABECERA
Campo de control 01066nam a2200313 a 4500
005 - FECHA Y HORA DE LA ULTIMA TRANSACCION
Campo de control 20200104041539.0
008 - ELEMENTOS DE LONGITUD FIJA—INFORMACION GENERAL
Campo de control 140310s2002 bo ao gr|||| 000 0 spa d
040 ## - FUENTE DE CATALOGACIÓN
Agencia catalogadora original CO-BoIAVH
Agencia transcriptora CO-BoIAVH
041 0# - IDIOMA
Código de idioma para texto/pista de sonido o título separado Español
044 ## - PAÍS DE PUBLICACIÓN
País de publicación Bolivia
082 04 - NUMERO DE CLASIFICACION DECIMAL DEWEY
Número de clasificación 634.99
Número del ítem Z87i
100 1# - ASIENTO PRINCIPAL--NOMBRE PERSONAL
Nombre personal Zonta, Armelinda
9 (RLIN) 18394
245 10 - MENCION DE TITULO
Título Implementación y manejo de sistemas agroforestales comerciales en condiciones amazónicas
260 ## - PUBLICACION, DISTRIBUCION, ETC. (PIE DE IMPRENTA)
Lugar de publicación, distribución, etc. Riberalta :
Nombre del editor, distribuidor, etc. IPHAE,
Fecha de publicación, distribución, etc. 2002.
300 ## - DESCRIPCION FISICA
Extensión 45 páginas :
Otros detalles físicos Ilustraciones a color, fotografías a color ;
Dimensiones 28 x 21 cm.
490 0# - MENCION DE SERIE
Mención de serie Proyecto quinquenal agroforestal;
Designación numérica/secuencial del volumen 2
504 ## - NOTA DE BIBLIOGRAFIA, ETC.
Nota de bibliografía Incluye referencias bibliográficas.
650 16 - ASIENTO SECUNDARIO DE MATERIA - TERMINO TEMATICO
Término temático o nombre geográfico como elemento de entrada Agroforestería
9 (RLIN) 476
650 16 - ASIENTO SECUNDARIO DE MATERIA - TERMINO TEMATICO
Término temático o nombre geográfico como elemento de entrada Sistemas agroforestales
9 (RLIN) 8711
650 26 - ASIENTO SECUNDARIO DE MATERIA - TERMINO TEMATICO
Término temático o nombre geográfico como elemento de entrada Uso múltiple de la tierra
9 (RLIN) 19135
650 26 - ASIENTO SECUNDARIO DE MATERIA - TERMINO TEMATICO
Término temático o nombre geográfico como elemento de entrada Uso sostenible
9 (RLIN) 344
650 26 - ASIENTO SECUNDARIO DE MATERIA - TERMINO TEMATICO
Término temático o nombre geográfico como elemento de entrada Sivicultura en fincas
9 (RLIN) 19137
650 26 - ASIENTO SECUNDARIO DE MATERIA - TERMINO TEMATICO
Término temático o nombre geográfico como elemento de entrada Técnicas de cultivo
9 (RLIN) 18377
662 ## - ASIENTO SECUNDARIO DE MATERIA - JERARQUIA DEL NOMBRE DE LUGAR(
País o entidad mayor Bolivia
Jurisdicción política intermedia Amazonia
700 1# - ASIENTO SECUNDARIO - NOMBRE PERSONAL
Nombre personal Goncalves, Alceu
9 (RLIN) 18395
700 1# - ASIENTO SECUNDARIO - NOMBRE PERSONAL
Nombre personal Chapi, Germán
9 (RLIN) 18396
700 1# - ASIENTO SECUNDARIO - NOMBRE PERSONAL
Nombre personal Angola, Fortunato
9 (RLIN) 19375
942 ## - ELEMENTOS ADICIONALES (KOHA)
Tipo de ítem Libro
Sistema de clasificación Dewey Decimal Classification
Existencias
Withdrawn status Lost status Sistema de Clasificación Damaged status No para préstamo Colección Inventariado Ubicación Permanente Ubicación actual Fecha de adquisición Fuente de Valor Valor Total Checkouts Número topográfico Inventario / Código de Barras Date last seen Ejemplar Price effective from Tipo de material
    Dewey Decimal Classification     General Inventariado 2017 Bogotá Bogotá 06/05/2003 Instituto 15000.00   LB-634.99 Z87i 005265 04/12/2012 Ej. 1 04/12/2012 Libro